Složitý vztah Francie k Severoatlantické alianci

Odchod z NATO ako základ francúzskej zahraničnej politiky. Vystúpenie z NATO v roku 1966 za vlády prezidenta de Gaulla. Kľúčový problém pre Francúzov - Nemecko. Návrat do histórie - zahraničná politika de Gaulla. 45. konferencia o bezpečnosti a spolupráci v Európe, 7.2.2009 v Mníchove - potvrdenie z...

ver descrição completa

Na minha lista:
Detalhes bibliográficos
Autor principal: Mrázek, František
Formato: Capítulo de Livro
Idioma:tcheco
Assuntos:
Tags: Adicionar Tag
Sem tags, seja o primeiro a adicionar uma tag!

MARC

LEADER 00000naa$a2200000$$$4500
001 0094659
005 20231016093736.1
041 0 |a cze 
044 |a CZ 
245 1 0 |a Složitý vztah Francie k Severoatlantické alianci  |c František Mrázek 
520 |a Odchod z NATO ako základ francúzskej zahraničnej politiky. Vystúpenie z NATO v roku 1966 za vlády prezidenta de Gaulla. Kľúčový problém pre Francúzov - Nemecko. Návrat do histórie - zahraničná politika de Gaulla. 45. konferencia o bezpečnosti a spolupráci v Európe, 7.2.2009 v Mníchove - potvrdenie zámeru Nicolasa Sarkozyho reintegrovať Francúzsko do vojenského velenia NATO. 
610 2 0 |a politika medzinárodná 
610 2 0 |a vzťahy medzinárodné 
610 2 0 |a politika zahraničná 
610 2 0 |a sily ozbrojené 
610 2 0 |a aliancie strategické 
610 2 0 |a bezpečnosť 
610 2 0 |a história 
610 2 0 |a Francúzsko 
100 1 |a Mrázek, František